000 01389nam a2200409 a 4500
003 AR-BaBNM
005 20251128203751.0
008 082120s2002 ||||||||||||||000 | spa||
040 _cAR-BaBNM
245 0 0 _aMetología general de la enseñanza
_n2
260 _aMéxico, D.F.
_bUTEHA
_c1960
300 _ap. 341-729
500 _aUTEHA: UNION TIPOGRAFICA EDITORIAL HISPANOAMERICANA
500 _aContiene índice de autores e índice alfabético
504 _aContiene bibliografía al final de cada capítulo
650 4 _aMETODOS DE ENSEÑANZA
650 4 _aDIDACTICA
650 4 _aMOTIVACION DEL ALUMNO
650 4 _aSELECCION DE MATERIAL DIDACTICO
650 4 _aAUXILIARES AUDIOVISUALES
650 4 _aROL DEL DOCENTE
650 4 _aEDUCACION RURAL
650 4 _aEDUCACION URBANA
653 _aINVESTIGACION EDUCATIVA
700 1 _aHernández Ruíz, Santiago
_edirector
700 1 _aEtchepare, Armonía
_ecolaborador
700 1 _aLourenço Filho, Manuel Bergstrom
_ecolaborador
700 1 _aGallo, Víctor
_ecolaborador
700 1 _aGarcía Herrera, Aurora
_ecolaborador
700 1 _aHermoso Nájera, Salvador
_ecolaborador
700 1 _aLarroyo, Francisco
_ecolaborador
700 1 _aMaza, Piedad
_ecolaborador
700 1 _aSalas Marchán, Maximiliano
_ecolaborador
700 1 _aValenzuela, Gilberto
_ecolaborador
942 _cBK
998 _cSILVI
999 _c4860
_d4860